Szeged város közgyűlése izgalmas választások
Elmentve itt :
| Dokumentumtípus: | Cikk |
|---|---|
| Megjelent: |
1912-10-31
|
| Sorozat: | Délmagyarország
3 No. 68 |
| Kulcsszavak: | Közgyűlés Szeged 1912 |
| Online Access: | http://dmarchiv.bibl.u-szeged.hu/59055 |
| LEADER | 00434nab a2200145 i 4500 | ||
|---|---|---|---|
| 001 | delm59055 | ||
| 005 | 20180928090409.0 | ||
| 008 | 180927s1912 hu o 0|| hun d | ||
| 040 | |a SZTE Délmagyarország Archívum |b hun | ||
| 041 | |a hun | ||
| 245 | 0 | 0 | |a Szeged város közgyűlése |h [elektronikus dokumentum] : |b izgalmas választások |
| 260 | |c 1912-10-31 | ||
| 300 | |a 2-3 | ||
| 490 | 0 | |a Délmagyarország |v 3 No. 68 | |
| 695 | |a Közgyűlés Szeged 1912 | ||